| 000 | 01050cab a2200265 4500 | ||
|---|---|---|---|
| 001 | ABS58679 | ||
| 008 | 090401t1998 xxu||||| |||| 00| 0 eng d | ||
| 035 | _a(Sirsi) u86270 | ||
| 041 | _aeng | ||
| 100 | _aWinter, M. | ||
| 245 | _aBeware the fire trap | ||
| 260 | _c1998 | ||
| 350 | _a0 | ||
| 490 |
_aEstates Gazette _v(9817) 25 April 1998, 141-142(2) |
||
| 520 | _aWarns landlord of the increased responsibilities and liabilities they now face under the Fire Precautions (Workplace) Regulations 1997. Changes to previous regulations mean that tenants appear to be able to bring individual actions for breaches, and local fire authorities can interpret and implement the regulations as they see fit. | ||
| 650 | _aFIRE DETECTION | ||
| 650 | _aFIRE PRECAUTIONS (WORKPLACE) REGULATIONS 1997 | ||
| 650 | _aMANAGEMENT-HEALTH AND SAFETY-FIRE SAFETY | ||
| 650 | _aHEALTH AND SAFETY AT WORK | ||
| 650 | _aLANDLORD LIABILITY | ||
| 650 | _aRISK ASSESSMENT | ||
| 690 | _aCOMMERCIAL PROPERTY-MANAGEMENT | ||
| 942 | _n0 | ||
| 948 | _c19/05/1998 | ||
| 999 |
_c54272 _d54272 |
||